Visual shock : a history of art controversies in ... Read More
Available copies
- 1 of 1 copy available at LARL/NWRL Consortium.
Current holds
0 current holds with 1 total copy.
Show Only Available Copies
| Location | Call Number / Copy Notes | Barcode | Shelving Location | Status | Due Date |
|---|---|---|---|---|---|
| Crookston Public Library | 759 KAM (Text) | 33500008999914 | Main | Available | - |
Record details
- ISBN: 1400041295 (hc)
- Physical Description: xxvi, 450 p. : ill. ; 25 cm.
- Edition: 1st ed.
- Publisher: New York : Knopf, 2006.
Content descriptions
| Bibliography, etc. Note: | Includes bibliographical references (p. [385]-424) ... Read More |
Search for related items by subject
| LDR | 01297cam a22003374a 4500 | ||
|---|---|---|---|
| 001 | 73104 | ||
| 003 | LARL_NWRL_CONSORTIUM | ||
| 005 | 20060926151333.0 | ||
| 008 | 051003s2006 nyua b 001 0 eng | ||
| 010 | . | ‡a2005044750 | |
| 020 | . | ‡a1400041295 (hc) | |
| 024 | 3 | . | ‡a9781400041299 |
| 035 | . | ‡a(OCoLC)61881182 | |
| 040 | . | ‡aDLC ‡cDLC ‡dBAKER ‡dC#P | |
| 042 | . | ‡apcc | |
| 043 | . | ‡an-us--- | |
| 082 | 0 | 0. | ‡a306.4/70973 ‡222 |
| 100 | 1 | . | ‡aKammen, Michael G. ‡0(LARL_NWRL_CONSORTIUM)61231 |
| 245 | 1 | 0. | ‡aVisual shock : ‡ba history of art controversies in American culture / ‡cMichael Kammen. |
| 250 | . | ‡a1st ed. | |
| 260 | . | ‡aNew York : ‡bKnopf, ‡c2006. | |
| 300 | . | ‡axxvi, 450 p. : ‡bill. ; ‡c25 cm. | |
| 504 | . | ‡aIncludes bibliographical references (p. [385]-424) and index. | |
| 650 | 0. | ‡aArt and society ‡zUnited States ‡xHistory ‡y19th century. | |
| 650 | 0. | ‡aArt and society ‡zUnited States ‡xHistory ‡y20th century. ‡0(LARL_NWRL_CONSORTIUM)170600 | |
| 650 | 0. | ‡aArt, American ‡y19th century ‡xPublic opinion. | |
| 650 | 0. | ‡aArt, American ‡y20th century ‡xPublic opinion. | |
| 901 | . | ‡a73104 ‡bOCLC ‡c73104 ‡tbiblio | |

Add to basket
Permalink
Disable Highlighting